000 00915nam a22002657a 4500
003 dpl
005 20180602165240.0
008 180602b xxu||||| |||| 00| 0 eng d
010 _aB-092561
020 _c500.00
_a8171416330
035 _aB-092561, B-042562
037 _bCen Lib/Ret
040 _aDPL
_bEN
_c0
082 _a371.2
_bEDI
100 _aEdiger, Marlow
_922774
245 _aImproving school administration /
_cby Marlow Ediger [and] Digumarti Bhaskara Rao
260 _aNew Delhi
_bDiscovery Publishing House
_c2003
270 _a4831/24, Ansari Road, Prahlad Street Darya Ganj
_bNew Delhi
_e110002
300 _a230p.
_c22cm(Hb)
500 _aIncludes index
650 _aSchool management and organization
_918164
650 _aSchool management and organization--Social aspects
_922775
700 _aRao, Digumarti Bhaskara
_94707
942 _2ddc
_cEN
_h371.2
_mEDI
999 _c128235
_d128235